'F' TV Shows Quiz Stats

 Plays Quiz not verified by Sporcle

Challenge
Share
Tweet
Embed
Score 0/20 Timer 07:00
0 Plays Today
% Correct
Friends
95.1%
Fresh Prince of Bel Air
95.1%
Frasier
91%
Full House
88.2%
Family Guy
76.1%
Family Matters
71.2%
Flying Nun
69.4%
Family Ties
63.8%
Facts of Life
60.2%
Falcon Crest
57.1%
% Correct
Fringe
55%
Franklin & Bash
54.5%
Friday Night Lights
53.5%
Firefly
52.4%
Fallen Skies
42.9%
Flinstones
35.5%
Flash Forward
34.4%
Fairly Odd Parents
28.5%
Fairly Legal
27.8%
Flashpoint
27%

You're not logged in!

Compare scores with friends on all Sporcle quizzes.
OR
Log In

You Might Also Like...

Show Comments

Extras

Curator's Pick Oct 5, 2014ReportNominate
Tags:Clickable Quiz, Show Quiz

Top Quizzes Today


Score Distribution

Your Account Isn't Verified!

In order to create a playlist on Sporcle, you need to verify the email address you used during registration. Go to your Sporcle Settings to finish the process.

Report this User

Report this user for behavior that violates our Community Guidelines.

Details: